| 000 | 00494nam a2200157Ia 4500 | ||
|---|---|---|---|
| 005 | 20260601193246.0 | ||
| 008 | 260601s9999||||xx |||||||||||||| ||und|| | ||
| 020 |
_a978-3-031-60073-9 _qebk |
||
| 100 | _aChiranji Lal Chowdhary | ||
| 245 | 4 | _aThe Metaverse for the Healthcare Industry | |
| 250 | _a2024 | ||
| 260 |
_aHeidelberg, Germany _bSpringer Nature _c2024 |
||
| 650 | _aComputer Science | ||
| 856 | _uhttps://link.springer.com/openurl?genre=book&isbn=978-3-031-60073-9 | ||
| 942 |
_cEB _2ddc |
||
| 999 |
_c56568 _d56568 |
||